00850nam a2200205 a 450000100100000000500170001000800410002704000250006808200170009310000280011024500960013825000110023426000390024530000210028450000430030550502000034858600400054870000290058870000270061700002461020200930023251.0110201s1962 mx r 000 0 spa d aDO-SdBNPbspacBNPHU axxxxxbM379o1 aMartín Du Gard, Roger10aObras completas /cRoger Martin Du Gard ; traducción Félix Caballero , Miguel Chamorro. a2a ed. aMéxico, D. F. :bAguilar,c1962. av. 2 ;c18.5 cm. aIncluye notas al pie de las páginas.0 gv. 2tObras completas.tLos thibault: el verano de 1914.tEpílogo.tConfidencia africana.tVieja francia.tEl testamento del tío Leleu.tLa hinchada.tUn taciturno.tNotas sobre André Gide. aPremio nobel de literatura de 1937.1 aCaballero, Félix,etr.1 aChamorro, Miguel,etr.